00745nam a22001697a 4500082001400000100006800014245006800082250002000150260005000170300000700220650003200227942001000259999001500269952010500284952009300389952009300482 a615.1 PRO aProcessing Formulations & Regulations in Food Drugs & Cosmetics aProcessing Formulations & Regulations in Food Drugs & Cosmetics aSeminar Reports aColombobInstitiute of Chemistry Ceylonc2008 a25 afood,drugsaseminar reports cSEMNR c2498d2498 0010708NFICaICbICcGENd2015-11-15l0o615.1 PROp005179r2015-11-15 00:00:00w2015-11-15ySEMNR 0010708NFICaICbICcGENd2016-03-26l0o615.1 PROp005181r2016-03-26 00:00:00ySEMNR 0010708NFICaICbICcGENd2016-03-26l0o615.1 PROp005180r2016-03-26 00:00:00ySEMNR